Statistiche per Stati con il maggior numero di parlanti Francese

Clicka qui per fare il quiz!

Statistiche generali

  • Questo quiz è stato fatto 5 volte
  • Il punteggio medio è 9 su 10

Statistiche sulle risposte

Numero parlantiContinenteNazione% Corretto
14 903 789AfricaAlgeria
100%
11 060 585America del NordCanada
100%
63 985 684EuropaFrancia
100%
12 242 129EuropaGermania
100%
11 796 508EuropaItalia
100%
9 324 605AfricaCosta d'Avorio
80%
13 456 845AfricaMarocco
80%
11 281 136EuropaRegno Unito
80%
72 110 821AfricaRepubblica Democratica del Congo
80%
11 490 652AfricaCamerun
60%

Distribuzione punteggi

Percentile per numero di risposta

Percentuale di utenti per punteggio

I tuoi punteggi nel tempo

Non hai fatto questo quiz